| 000 -LEADER |
| fixed length control field |
02499cam a22003734a 4500 |
| 001 - CONTROL NUMBER |
| control field |
16998349 |
| 005 - DATE AND TIME OF LATEST TRANSACTION |
| control field |
20170105102919.0 |
| 008 - FIXED-LENGTH DATA ELEMENTS--GENERAL INFORMATION |
| fixed length control field |
111013s2012 nyua b 001 0 eng |
| 010 ## - LIBRARY OF CONGRESS CONTROL NUMBER |
| LC control number |
2011042920 |
| 020 ## - INTERNATIONAL STANDARD BOOK NUMBER |
| International Standard Book Number |
9780230621237 (hardback) |
| 020 ## - INTERNATIONAL STANDARD BOOK NUMBER |
| International Standard Book Number |
0230621236 (hardback) |
| 035 ## - SYSTEM CONTROL NUMBER |
| System control number |
(OCoLC)ocn733231302 |
| 040 ## - CATALOGING SOURCE |
| Original cataloging agency |
DLC |
| Language of cataloging |
eng |
| Transcribing agency |
DLC |
| Modifying agency |
YDX |
| -- |
BTCTA |
| -- |
YDXCP |
| -- |
BDX |
| -- |
CDX |
| -- |
VP@ |
| -- |
BWX |
| -- |
J2H |
| -- |
OVV |
| -- |
DLC |
| 042 ## - AUTHENTICATION CODE |
| Authentication code |
pcc |
| 043 ## - GEOGRAPHIC AREA CODE |
| Geographic area code |
nwcu--- |
| 050 00 - LIBRARY OF CONGRESS CALL NUMBER |
| Classification number |
JL1009.5.I6 |
| Item number |
L37 2012 |
| 082 00 - DEWEY DECIMAL CLASSIFICATION NUMBER |
| Classification number |
327.12730729109/046 |
| Edition number |
23 |
| 084 ## - OTHER CLASSIFICATION NUMBER |
| Classification number |
HIS027110 |
| -- |
POL005000 |
| -- |
HIS041010 |
| Number source |
bisacsh |
| 100 1# - MAIN ENTRY--PERSONAL NAME |
| Personal name |
Latell, Brian. |
| 245 10 - TITLE STATEMENT |
| Title |
Castro's secrets : |
| Remainder of title |
the CIA and Cuba's intelligence machine / |
| Statement of responsibility, etc. |
Brian Latell. |
| 250 ## - EDITION STATEMENT |
| Edition statement |
1st ed. |
| 260 ## - PUBLICATION, DISTRIBUTION, ETC. |
| Place of publication, distribution, etc. |
New York : |
| Name of publisher, distributor, etc. |
Palgrave Macmillan, |
| Date of publication, distribution, etc. |
2012. |
| 300 ## - PHYSICAL DESCRIPTION |
| Extent |
xi, 272 p. : |
| Other physical details |
ill. ; |
| Dimensions |
25 cm. |
| 504 ## - BIBLIOGRAPHY, ETC. NOTE |
| Bibliography, etc. note |
Includes bibliographical references and index. |
| 505 0# - FORMATTED CONTENTS NOTE |
| Formatted contents note |
Better than us -- On Fidel's orders -- Rooftop stories -- Come to Cuba -- At daggers drawn -- Tyrannicide -- Mouth of the lion -- Whiplash -- The big job -- Great minds -- Conspiracy of silence -- Afterword. |
| 520 ## - SUMMARY, ETC. |
| Summary, etc. |
"In this riveting Cold War history, highly acclaimed author Brian Latell offers us a new and surprising look at Fidel Castro. Latell draws his narrative on personal interviews with high level defectors from Cuba's intelligence, many of whom have not spoken out for over nearly five decades. The result is a vivid and revelatory account that revises our understanding of how Fidel operated, what his goals were, and how he imagined the future for his tiny island nation. Latell takes us from from the crimes Fidel allegedly committed as a youth in the anti-Battista movement, to how quickly he built up an intelligence system that rivaled the Soviet Union's KGB and Britain's M15 in effectiveness, and how that translated into a feud with JFK's administration and the CIA, and the ultimate confrontation during the Cuban Missile Crises that brought the world to the brink of a nuclear holocaust"-- |
| 600 10 - SUBJECT ADDED ENTRY--PERSONAL NAME |
| Personal name |
Castro, Fidel, |
| Dates associated with a name |
1926- |
| 610 10 - SUBJECT ADDED ENTRY--CORPORATE NAME |
| Corporate name or jurisdiction name as entry element |
United States. |
| Subordinate unit |
Central Intelligence Agency |
| Geographic subdivision |
Cuba. |
| 650 #0 - SUBJECT ADDED ENTRY--TOPICAL TERM |
| Topical term or geographic name entry element |
Intelligence service |
| Geographic subdivision |
Cuba |
| General subdivision |
History |
| Chronological subdivision |
20th century. |
| 856 42 - ELECTRONIC LOCATION AND ACCESS |
| Materials specified |
Cover image |
| Uniform Resource Identifier |
<a href="http://www.netread.com/jcusers2/bk1388/237/9780230621237/image/lgcover.9780230621237.jpg">http://www.netread.com/jcusers2/bk1388/237/9780230621237/image/lgcover.9780230621237.jpg</a> |
| 906 ## - LOCAL DATA ELEMENT F, LDF (RLIN) |
| a |
7 |
| b |
cbc |
| c |
orignew |
| d |
1 |
| e |
ecip |
| f |
20 |
| g |
y-gencatlg |
| 942 ## - ADDED ENTRY ELEMENTS (KOHA) |
| Source of classification or shelving scheme |
|
| Koha item type |
Book |